00709nam a22002177a 450000500170000001000130001702000210003003500130005103700160006404000120008008200150009210000200010724501300012726000670025727000430032430000320036750000200039965000140041965000380043370000200047120170124105955.0 aB-061542 c00.00a007044496 aB-061542 bCen Lib/Ret aDPLbEN a371.1bKEY aKeys, Terrance  aHow to be a successful technical trainer :bby Terrance Keys [and] Andrew R. Zeffccore skills for instructor certification / aNew DelhibTata McGraw-Hill Publishing Company Limited c2001 a7 West Patel NagarbNew Delhie110008 axvi,389p. :bill.c23cm(Hb) aIncludes index. aEducation aTechnology -- Study and teaching. aZeff, Andrew R.